Earl of Rochester; The Critical Heritage (Record no. 2762)

MARC details
000 -LEADER
fixed length control field 00358nam a22001337a 4500
008 - FIXED-LENGTH DATA ELEMENTS--GENERAL INFORMATION
fixed length control field 250327b |||||||| |||| 00| 0 eng d
020 ## - INTERNATIONAL STANDARD BOOK NUMBER
ISBN 0415134293
100 ## - MAIN ENTRY--AUTHOR
Author FARLEY-HILLS David
245 ## - TITLE STATEMENT
Title Earl of Rochester; The Critical Heritage
260 ## - PUBLICATION, DISTRIBUTION, ETC. (IMPRINT)
Place of publication London
Name of publisher British Library Cataloguing
Date of publication 1995
300 ## - COLLATION
Pagination xii, 275p.
942 ## - ADDED ENTRY ELEMENTS (KOHA)
Item type Books
050 ## - LIBRARY OF CONGRESS CALL NUMBER
Classification number PR3669
Item number .F37
Holdings
Source of classification or shelving scheme Not for loan Permanent location Current location Date acquired Accession No. Full call number Barcode. Koha item type
Library of Congress Classification   Samuel Ogbemudia Main Library, University of Abuja Samuel Ogbemudia Main Library, University of Abuja 03/27/2025 2002/23560 PR3669.F37 2025-1063 Books